000 00721nam a22002057a 4500
999 _c6887
_d6887
003 AR-CdUCM
008 190319b ||||| |||| 00| 0 spa d
040 _aMUNICIPALIDAD PROVINCIAL DEL CUSCO
_cBIBLIOTECA MUNICIPAL DEL CUSCO
082 _a036 /
_bE7
110 _aEspasa calpe
_918256
245 _aEspasa Calipe :
_bDiccionario enciclopédico /
260 _aChile :
_bEspasa Calpe :
_b[La república],
_c[1998].
300 _c17 cm.
500 _aTomo 10, Falta una hoja.
505 _aTomo 10 : [Desgranado-Eclíptica] (723-798 pp.) Tomo 15: [Grande-Honduras] (1123-1199 pp.)
650 _aDiccionario español
_918264
650 _aDiccionario enciclopédico
_919408
942 _2ddc
_cLIBROS
945 _alccs